00245pam a2200121 a 4500020000500000041000500005100002500010245005000035250000800085260000900093300000800102653001300110 c h aMalcolm L. Hunter JR aMaintaining Biodiversity in Forest Ecosystems aIst c1999 a698 aForestry